| 000 | 00389nam a2200121Ia 4500 | ||
|---|---|---|---|
| 008 | 220615s9999||||xx |||||||||||||| ||und|| | ||
| 245 | 0 | _aAdvanced Topics in Neurological Disorders | |
| 546 | _aEnglish[eng] | ||
| 650 | _aNeurology & clinical neurophysiology | ||
| 700 | _aChen, Ken-Shiung | ||
| 856 | _uhttps://mts.intechopen.com/storage/books/747/authors_book/authors_book.pdf | ||
| 942 | _cEB | ||
| 999 |
_c8989 _d8989 |
||